| 000 | 00000nam##2200000za#4500 |
| 001 | 9.695734 |
| 003 | CaOODSP |
| 005 | 20230202144025 |
| 007 | cr ||||||||||| |
| 008 | 150407|1993||||xxc|||||o f|0| 0 eng|d |
| 040 | |aCaOODSP|beng |
| 043 | |an-cn--- |
| 086 | 1 |aH72-21/86-1993E-PDF |
| 110 | 2 |aNational Clearinghouse on Family Violence (Canada). |
| 245 | 10|aTreatment programs for child sexual abuse victims in Canada : |h[electronic resource]|ba selected inventory of integrated programs that have been evaluated |
| 260 | |aOttawa - Ontario : |bHealth Canada. |c[1993]. |
| 300 | |a69p.|btable |
| 500 | |aThe catalogue number (H72-21/86-1993E) and ISBN (0-662-20276-7) for the print edition have been incorrectly copied in this electronic publication. |
| 590 | |a12-15-Supp|b2012-04-13 |
| 776 | 0#|tTreatment programs for child sexual abuse in Canada : |w(CaOODSP)9.644672 |
| 856 | 40|ahttp://publications.gc.ca|qPDF|s199 KB|uhttps://publications.gc.ca/collections/Collection/H72-21-86-1993E.pdf |